000 01013njm a22002657a 4500
005 20100914152621.0
007 sd ammalaaahaa
008 100913t xxu||||| |||| 00| 0 hin d
028 _aECSD 2783
_bEMI
035 _aGR-07848
040 _aSED/VEN
100 _aHari OM Sharan
_91184
245 _aPremanjali /
_cby Hari Om Sharan ;Music by Murli Manohar Swaroop
_h[sound recording] :
246 _aप्रेमांजलि /
260 _aDum Dum India
_bEMI
_c1977
300 _a1 sound disc [Gramophone record] :
_banalog, 33 1/3 rpm
_c12.5 in. (LP)
_fGramophone Record
500 _aBrief Record
500 _aRecord label :EMI, Red
505 _aSide-1 Man mel aur tum ko dhoye nirgun rangi chanriya geet Side 2 Sai teri yaad maha sukhdai
600 _aHari Om Sharan
_919992
650 _aDevotional
_xExcerpts
_zIndia
_919603
700 _919605
_aSwarope,Murli Manohar
942 _2ddc
_cGR
999 _c47373
_d47373